00759 2200253 4500001002100000005001700021008004100038035002400079082001000103090001700113100002500130245012400155260005300279300003200332500002600364650002000390700001700410700001200427700001800439850001500457980001200472985000600484999001500490YOGYA-0209000006600020090227091847.0 ind  0010-020900000066000 a727.6 a727.6bHad P aHADIASMORO, Hendarto aPedoman pemeliharaan dan pemugaran bangunan museumcHendarto Hadiasmoro; penyunting, Tejo Susilo, Hamzuri, Basrul Akram aJakartabProyek Pembinaan Permuseumanc1991/1992 aii, 113 hlmbilusc19x21 cm aBibliografi : hlm. 97 aBangunan museum aSusilo, Tejo aHamzuri aAkram, Basrul aYOPDYOG(B) a2-06-08 a1 a94P0021037